| 000 | 00456nam a2200193Ia 4500 | ||
|---|---|---|---|
| 008 | 210210b1907 xxu||||| |||| 00| 0 eng d | ||
| 041 | _aeng | ||
| 082 | _a822/617 | ||
| 100 | _aJOHNSON (Samuel) | ||
| 245 | _aSelections from rambler: White Ed | ||
| 260 |
_aOxford _bAt the Clarendon Press _c1907 |
||
| 650 | _aWhite | ||
| 650 | _aSelections | ||
| 650 | _arambler: | ||
| 650 | _afrom | ||
| 650 | _aEd | ||
| 690 | _aEnglish Prose | ||
| 906 | _a012803 | ||
| 999 |
_c131620 _d131620 |
||